| 000 | 00752cam a22002651 4500 | ||
|---|---|---|---|
| 001 | sa 66006927 | ||
| 003 | DLC | ||
| 005 | 20260227112300.0 | ||
| 008 | 890515s1962 ii b 000 0 beno | ||
| 010 | _asa 66006927 | ||
| 035 | _a(OCoLC)19708327 | ||
| 040 |
_aDLC _cWaU _dDLC |
||
| 042 | _apremarc | ||
| 043 | _aa-ii--- | ||
| 050 | 0 | 0 |
_aBL1245.V3 _bC57 |
| 100 | 1 |
_aChaudhuri, Himanshu Chandra, _d1905- |
|
| 245 | 1 | 0 | _aBaishṇabasāhitya-prabeśikā. |
| 260 | _c[1962] | ||
| 300 |
_a2, 170 p. _c23 cm. |
||
| 500 | _aIn Bengali. | ||
| 504 | _aIncludes bibliographies. | ||
| 650 | 0 |
_aVaishnava literature _xHistory and criticism. |
|
| 650 | 0 |
_aHindu literature _xHistory and criticism. |
|
| 650 | 0 |
_aBengali literature _xHistory and criticism. |
|
| 999 |
_c70805 _d70805 |
||